000 00516nam a22002057a 4500
001 BT-PhCST
003 OSt
005 20190204170847.0
008 141022b xxu||||| |||| 00| 0 eng d
020 _a9788126535187
040 _aBT-PhCST
_cBT-PhCST
_dBT-PhCST
050 _a530.41
082 _222
_a530.41
100 _aKittel, Charles
245 _aIntroduction to solid state physics
250 _a8th
260 _aNA,
_bWiley India Pvt.Ltd
_cc2012.
300 _axix, 680 p. ;
_bill. ;
942 _2ddc
_cAP
_03
999 _c5166
_d5166